Načítá se...

ചെന്നായ്ക്കള്‍ക്ക് വയസ്സാകുമ്പോള്‍ /

അറബ് നാടായ ജോര്‍ദാനിലെ സാമൂഹിക സാംസ്കാരിക സാമ്പത്തിക രാഷ്ട്രീയ പശ്ചാത്തലത്തില്‍ എഴുതപ്പെട്ടിരിക്കുന്ന നോവല്‍. 2010 ലെ അറബ് ബുക്കര്‍ പ്രൈസ് ചുരുക്കപ്പട്ടികയില്‍ ഇടം നേടിയ കൃതി. അറബ് രാജ്യങ്ങളിലെ സാമൂഹിക സാംസ്കാരിക രാഷ്ട്രീയ വ്യവസ്ഥിതികള്‍ പശ്ചാത്തലമാകുന്ന അറബി നോവലിന്റെ മലയാള പരിഭാഷ....

Celý popis

Podrobná bibliografie
Hlavní autor: നാജി, ജമാൽ
Další autoři: Naji, Jamal
Médium: Printed Book
Vydáno: Kottayam DC 2017
Témata:
LEADER 01539nam a2200205 4500
020 |a 9789386560001 
082 |a 892.736  |b NAJ-C 
100 |a നാജി, ജമാൽ . 
245 |a ചെന്നായ്ക്കള്‍ക്ക് വയസ്സാകുമ്പോള്‍ / 
260 |a Kottayam  |b DC  |c 2017 
300 |a 279p. 
520 |a അറബ് നാടായ ജോര്‍ദാനിലെ സാമൂഹിക സാംസ്കാരിക സാമ്പത്തിക രാഷ്ട്രീയ പശ്ചാത്തലത്തില്‍ എഴുതപ്പെട്ടിരിക്കുന്ന നോവല്‍. 2010 ലെ അറബ് ബുക്കര്‍ പ്രൈസ് ചുരുക്കപ്പട്ടികയില്‍ ഇടം നേടിയ കൃതി. അറബ് രാജ്യങ്ങളിലെ സാമൂഹിക സാംസ്കാരിക രാഷ്ട്രീയ വ്യവസ്ഥിതികള്‍ പശ്ചാത്തലമാകുന്ന അറബി നോവലിന്റെ മലയാള പരിഭാഷ.  
650 |a Fiction- Arab literature 
650 |a Novel- Arab literature 
650 |a Chennaykkalku Vayassakumbol 
650 |a Malayalam translation of when the wolves grow old 
700 |a Naji, Jamal  
942 |c BK 
999 |c 52585  |d 52585 
952 |0 0  |1 0  |4 0  |6 892_736000000000000_NAJC  |7 0  |9 66567  |a KU  |b KU  |c GEN  |d 2018-10-04  |e Ad.D2/5736/2013 dtd.24/11/2017  |g 275.00  |l 0  |o 892.736 NAJ-C  |p CL03024  |r 2018-10-04  |y BK